[Event "FRA-chT1 0910"]
[Site "France"]
[Date "2009.10.18"]
[Round "3.7"]
[White "Fevre, Mathieu"]
[Black "Gingene, Eric"]
[Result "1-0"]
[WhiteElo "2071"]
[BlackElo "2097"]
[PlyCount "42"]
[EventDate "2009.09.27"]
[EventType "team-tourn"]
[EventRounds "11"]
[EventCountry "FRA"]
[SourceTitle "EXT 2011"]
[Source "ChessBase"]
[SourceDate "2010.11.26"]
[SourceVersion "1"]
[SourceVersionDate "2010.11.26"]
[SourceQuality "1"]

1. e4 d6 2. d4 Nf6 3. Nc3 g6 4. Nf3 Bg7 5. Be2 0-0 6. 0-0 Nc6 7. h3 e5 8. Be3 Re8 9. d5 Ne7 10. b4 Nd7 11. Nb5 a6 12. Na7 f5 13. Nxc8 Qxc8 14. Ng5 fxe4 15. Bg4 Nf5 16. Bxf5 gxf5 17. Qh5 Nf8 18. Qf7+ Kh8 19. a4 Qd7 20. Qh5 Kg8 21. Nxe4 fxe4 1-0

[Event "FRA-chT2 East 0809"]
[Site "France"]
[Date "2008.10.19"]
[Round "1.5"]
[White "Lamoureux, Izabelle"]
[Black "Fevre, Mathieu"]
[Result "1-0"]
[WhiteElo "2105"]
[BlackElo "2065"]
[PlyCount "49"]
[EventDate "2008.10.19"]
[EventType "team-tourn"]
[EventRounds "11"]
[EventCountry "FRA"]
[SourceTitle "EXT 2010"]
[Source "ChessBase"]
[SourceDate "2010.11.25"]
[SourceVersion "1"]
[SourceVersionDate "2010.11.25"]
[SourceQuality "1"]
[WhiteTeam "Montrevel en Bresse"]
[BlackTeam "Besancon TPG II"]
[WhiteTeamCountry "FRA"]
[BlackTeamCountry "FRA"]

1. e4 c5 2. Nf3 e6 3. d4 cxd4 4. Nxd4 Qb6 5. Nb3 Nc6 6. Bd3 Nf6 7. 0-0 d5 8. Nc3 dxe4 9. Nxe4 Be7 10. Nxf6+ Bxf6 11. Qh5 Bd7 12. c3 0-0-0 13. Be3 Qc7 14. Be4 g6 15. Qe2 a6 16. a4 Be5 17. f4 Bd6 18. a5 Qb8 19. Nc5 f5 20. Nxd7 Kxd7 21. Bxc6+ Kxc6 22. Rad1 Kd7 23. Rfe1 Rhe8 24. Bb6 Rc8 25. c4 1-0

[Event "FRA-ch op-A"]
[Site "Pau"]
[Date "2008.08.17"]
[Round "6"]
[White "Lamberti, Hugo"]
[Black "Fevre, Mathieu"]
[Result "0-1"]
[WhiteElo "2101"]
[BlackElo "2032"]
[PlyCount "88"]
[EventDate "2008.08.11"]
[EventType "swiss"]
[EventRounds "9"]
[EventCountry "FRA"]
[SourceTitle "CBM 126 Extra"]
[Source "ChessBase"]
[SourceDate "2008.11.05"]
[SourceVersion "1"]
[SourceVersionDate "2008.11.05"]
[SourceQuality "1"]

1. e4 c5 2. Nf3 e6 3. Nc3 a6 4. a4 Nc6 5. g3 d6 6. Bg2 Nf6 7. 0-0 Qc7 8. d3 Be7 9. Re1 Bd7 10. Nb1 0-0 11. c3 e5 12. h3 b5 13. axb5 axb5 14. Rxa8 Rxa8 15. Nbd2 h6 16. Nf1 Ra1 17. Ne3 Be6 18. Nh2 Na5 19. Nd5 Qb7 20. Nxf6+ Bxf6 21. Qe2 Nb3 22. Be3 Qa6 23. f4 c4 24. Nf3 cxd3 25. Qxd3 Rxe1+ 26. Nxe1 Qa1 27. Qc2 Bc4 28. Qf2 exf4 29. Bxf4 Nc5 30. Kh2 Na4 31. Bxd6 Qxb2 32. Qxb2 Nxb2 33. e5 Bd8 34. Be4 Na4 35. Bb4 Bg5 36. Nf3 Bc1 37. Kg2 Bb2 38. Nd2 Bxc3 39. Nxc4 bxc4 40. Bxc3 Nxc3 41. Bc2 Nd5 42. Kf3 Nb4 43. Be4 c3 44. Ke3 Kf8 0-1

[Event "FRA-ch U16"]
[Site "La Roche sur Yon"]
[Date "2008.04.26"]
[Round "8"]
[White "Massoni, Michael"]
[Black "Fevre, Mathieu"]
[Result "0-1"]
[WhiteElo "2176"]
[BlackElo "2040"]
[PlyCount "52"]
[EventDate "2008.04.21"]
[EventType "swiss"]
[EventRounds "9"]
[EventCountry "FRA"]
[SourceTitle "EXT 2010"]
[Source "ChessBase"]
[SourceDate "2010.11.25"]
[SourceVersion "1"]
[SourceVersionDate "2010.11.25"]
[SourceQuality "1"]

1. e4 c5 2. Nf3 e6 3. d4 cxd4 4. Nxd4 Nc6 5. Nc3 Qc7 6. Nxc6 bxc6 7. Bd3 d5 8. exd5 cxd5 9. 0-0 Nf6 10. Qf3 a6 11. Bg5 Be7 12. Rfe1 0-0 13. Re2 Rb8 14. Rae1 Rxb2 15. Re5 Bb7 16. Qh3 g6 17. Nd1 Rb1 18. f4 Ne4 19. Bxe4 dxe4 20. Bxe7 Qxe7 21. Qg4 Qd6 22. Rf1 Qd4+ 23. Nf2 Rxf1+ 24. Kxf1 Bd5 25. Rg5 Rb8 26. Qd1 Bc4+ 0-1

[Event "FRA-ch U14"]
[Site "Le Grand Bornand"]
[Date "2007.04.14"]
[Round "8"]
[White "Lagarde, Maxime"]
[Black "Fevre, Mathieu"]
[Result "1-0"]
[WhiteElo "2202"]
[BlackElo "1968"]
[PlyCount "59"]
[EventDate "2007.04.07"]
[EventType "swiss"]
[EventRounds "9"]
[EventCountry "FRA"]
[SourceTitle "CBM 118 Extra"]
[Source "ChessBase"]
[SourceDate "2007.07.04"]
[SourceVersion "1"]
[SourceVersionDate "2007.07.04"]
[SourceQuality "1"]

1. e4 c5 2. Nf3 d6 3. d4 cxd4 4. Nxd4 Nf6 5. Nc3 g6 6. Be3 Bg7 7. f3 0-0 8. Qd2 Nc6 9. Bc4 Nd7 10. 0-0-0 Nb6 11. Be2 d5 12. Kb1 e6 13. h4 Nxd4 14. Bxd4 dxe4 15. Qe3 Bxd4 16. Rxd4 Qe7 17. h5 exf3 18. gxf3 Rd8 19. hxg6 fxg6 20. Rdh4 Nd5 21. Nxd5 Rxd5 22. c4 Rf5 23. Bd3 Rf6 24. Qe5 Qd8 25. Bc2 h5 26. Rg1 Kf7 27. Rf4 Rxf4 28. Bxg6+ Ke7 29. Qg7+ Kd6 30. Rd1+ 1-0

[Event "FRA-ch U14"]
[Site "Le Grand Bornand"]
[Date "2007.04.13"]
[Round "7"]
[White "Fevre, Mathieu"]
[Black "Song, Julien"]
[Result "1-0"]
[WhiteElo "1968"]
[BlackElo "1957"]
[PlyCount "57"]
[EventDate "2007.04.07"]
[EventType "swiss"]
[EventRounds "9"]
[EventCountry "FRA"]
[SourceTitle "CBM 118 Extra"]
[Source "ChessBase"]
[SourceDate "2007.07.04"]
[SourceVersion "1"]
[SourceVersionDate "2007.07.04"]
[SourceQuality "1"]

1. e4 e6 2. d3 c5 3. Nf3 Nc6 4. g3 d5 5. Nbd2 Bd6 6. Bg2 Nge7 7. 0-0 0-0 8. Re1 Qc7 9. c3 Bd7 10. d4 cxd4 11. cxd4 f6 12. a3 Rfe8 13. b4 dxe4 14. Nxe4 Nd5 15. Bb2 Rad8 16. Rc1 a6 17. Qb3 Bc8 18. Nc5 Bf8 19. Re2 Qf7 20. Nxa6 Nxd4 21. Nxd4 bxa6 22. f4 Kh8 23. Rce1 Nc7 24. f5 Nb5 25. Nxe6 Bxe6 26. fxe6 Qa7+ 27. Kh1 Nd4 28. Bxd4 Rxd4 29. e7 1-0

[Event "FRA-ch U10"]
[Site "Hyeres"]
[Date "2002.??.??"]
[Round "3.2"]
[White "Fevre, Mathieu"]
[Black "Delivre, Raphael"]
[Result "0-1"]
[WhiteElo "1450"]
[BlackElo "1780"]
[PlyCount "70"]
[EventDate "2002.04.05"]
[EventType "swiss"]
[EventRounds "9"]
[EventCountry "FRA"]
[SourceTitle "EXT 2003"]
[Source "ChessBase"]
[SourceDate "2002.11.25"]
[SourceVersion "1"]
[SourceVersionDate "2002.11.25"]
[SourceQuality "1"]

1. e4 c5 2. d4 e6 3. c3 Nf6 4. Bg5 h6 5. Bh4 g5 6. Bg3 Nxe4 7. Nd2 Nxg3 8. hxg3 cxd4 9. cxd4 Nc6 10. Nb3 Bb4+ 11. Ke2 b6 12. Nf3 g4 13. Nfd2 Ba6+ 14. Ke1 Bxf1 15. Kxf1 f5 16. Qe2 Bxd2 17. Qxd2 Qf6 18. Re1 Ne7 19. d5 Kf7 20. dxe6+ dxe6 21. Qe3 Nd5 22. Qd2 Rad8 23. Qe2 Nb4 24. Kg1 Nd3 25. Rb1 Rd7 26. Nc1 Nxc1 27. Rxc1 Rhd8 28. b3 Rd2 29. Qe3 Qg5 30. f4 gxf3 31. Qxf3 Rxa2 32. Rf1 Rdd2 33. Rh2 Kg6 34. Rh4 Rxg2+ 35. Kh1 Rxg3 0-1